Arab women in Arab news : (Record no. 18652)
[ view plain ]
| 000 -LEADER | |
|---|---|
| fixed length control field | 00947nam a22002778a 4500 |
| 001 - CONTROL NUMBER | |
| control field | 015895573 |
| 003 - CONTROL NUMBER IDENTIFIER | |
| control field | OSt |
| 005 - DATE AND TIME OF LATEST TRANSACTION | |
| control field | 20141119142711.0 |
| 008 - FIXED-LENGTH DATA ELEMENTS--GENERAL INFORMATION | |
| fixed length control field | 110915s2012 qa a frb 001 0 eng d |
| 020 ## - INTERNATIONAL STANDARD BOOK NUMBER | |
| International Standard Book Number | 9789992179116 (pbk.) |
| 020 ## - INTERNATIONAL STANDARD BOOK NUMBER | |
| International Standard Book Number | 9992179112 (pbk.) |
| 040 ## - CATALOGING SOURCE | |
| Original cataloging agency | StDuBDS |
| Language of cataloging | eng |
| Transcribing agency | StDuBDS |
| Modifying agency | EG-ScBUE |
| 082 00 - DEWEY DECIMAL CLASSIFICATION NUMBER | |
| Classification number | 305.488927 |
| Edition number | 22 |
| Item number | ARA |
| 245 00 - TITLE STATEMENT | |
| Title | Arab women in Arab news : |
| Remainder of title | old stereotypes and new media / |
| Statement of responsibility, etc | Amal Mohammed Al-Malki ... [et al.] |
| 260 ## - PUBLICATION, DISTRIBUTION, ETC. (IMPRINT) | |
| Place of publication, distribution, etc | Doha : |
| Name of publisher, distributor, etc | Bloomsbury Qatar Foundation : |
| Date of publication, distribution, etc | 2012 |
| Place of manufacture | ([London] : |
| Manufacturer | Clays Ltd.) |
| 300 ## - PHYSICAL DESCRIPTION | |
| Extent | xxvi, 466 p. : |
| Other physical details | tables ; |
| Dimensions | 24 cm. |
| 500 ## - GENERAL NOTE | |
| General note | Index : p. 455-466. |
| 500 ## - GENERAL NOTE | |
| General note | Includes appendixes. |
| 504 ## - BIBLIOGRAPHY, ETC. NOTE | |
| Bibliography, etc | Bibliography : 427-454. |
| 650 #0 - SUBJECT ADDED ENTRY--TOPICAL TERM | |
| Topical term or geographic name as entry element | Women, Arab |
| General subdivision | Social conditions |
| Chronological subdivision | 21st century |
| 9 (RLIN) | 36620 |
| 650 #0 - SUBJECT ADDED ENTRY--TOPICAL TERM | |
| Topical term or geographic name as entry element | Women, Arab |
| General subdivision | Press coverage |
| 9 (RLIN) | 36621 |
| 653 ## - INDEX TERM--UNCONTROLLED | |
| Resource For college | Generalities |
| Arrived date list | November2014 |
| 655 ## - INDEX TERM--GENRE/FORM | |
| Form subdivision | |
| -- | 34232 |
| 700 1# - ADDED ENTRY--PERSONAL NAME | |
| Personal name | Al-Malki, Amal Mohammed |
| 9 (RLIN) | 36619 |
| 942 ## - ADDED ENTRY ELEMENTS (KOHA) | |
| Source of classification or shelving scheme | Dewey Decimal Classification |
| Withdrawn status | Item status | Source of classification or shelving scheme | Damaged status | Not for loan | Vendor | Home library | Current library | Shelving location | Date acquired | Source of acquisition | Cost, normal purchase price | Total Checkouts | Full call number | Barcode | Date last seen | Cost, replacement price | Koha item type |
|---|---|---|---|---|---|---|---|---|---|---|---|---|---|---|---|---|---|
| Dewey Decimal Classification | سور الازبكية | Central Library | Central Library | First floor | 19/11/2014 | 40.00 | 305.488927 ARA | 000037035 | 15/07/2025 | 50.00 | NB - Book (Non borrowing) |